000 00453nam a2200181Ia 4500
005 20250423100328.0
008 250422s9999 xx 000 0 und d
020 _a0-201-84456-7
050 _aQA 76.76.A56 .L58/
100 _aDavid S. Linthicum
245 0 _aNext Generation Application Integration
260 _aBoston
260 _bPearson Education Inc
260 _c2004
300 _a488 p
650 _aApplication Software
942 _cBK
999 _c32972
_d32972